Personal care compounds in the environment : pathways, fate and methods for determination

Αποθηκεύτηκε σε:
Λεπτομέρειες βιβλιογραφικής εγγραφής
Κύριος συγγραφέας: Bester, Kai
Μορφή: Βιβλίο
Γλώσσα:English
Δημοσίευση: Weinheim : Wiley-VCH, 2007
Θέματα:
Ετικέτες: Προσθήκη ετικέτας
Δεν υπάρχουν, Καταχωρήστε ετικέτα πρώτοι!

MARC

LEADER 00000nam a2200000 i 4500
001 1/95736
008 081017s2007 eng d
020 |a 978-3-527-31567-3 
035 |l 10101012 
040 |a GR-MY-UA  |b gre  |e aacr 
041 0 |a eng 
082 0 |a 363.738  |2 (22) 
100 1 |a Bester, Kai. 
245 1 0 |a Personal care compounds in the environment :  |b pathways, fate and methods for determination /  |c Kai Bester ; with contributions of Stefan Weigel, Michael P. Schlsener and Jens A. Andresen 
260 |a Weinheim :   |b Wiley-VCH,   |c 2007 
300 |a xviii, 244 σ.;  |b εικ.;  |c 24 εκ. 
504 |a Περιέχει βιβλιογραφικές παραπομπές και ευρετήριο 
650 0 0 |a Water  |x Pollution. 
650 0 0 |a Environmental monitoring. 
650 0 0 |a Sewage. 
650 0 0 |a Toilet preparations  |x Toxicology. 
650 0 0 |a Bleaching materials. 
650 0 0 |a Bioaccumulation. 
852 |a INST  |b LESVOS  |e 20081017  |h 363.738 BES  |p 005100043283  |q 005100043283  |t BK  |y 0 
901 |a BIBL1-2008-3 
909 |a Λ  |b 145078 
922 |a 1ΕΛΗ  |b 200801  |c ΕΠΕΑΕΚ2/ΤΕΘ  |d ΕΛΕΥΘΕΡΟΥΔΑΚΗΣ 
970 |a ΚΑΡΑ  |b ΓΙΑΣΕΜΗ  |z 2008/10/17